Direito tributário II : (Record no. 595)
[ view plain ]
| 000 -LÍDER | |
|---|---|
| Campo Fixo de Controle | 00845nam a2200253 a 4500 |
| 001 - NÚMERO DE CONTROLE | |
| Campo de Controle | 595 |
| 003 - IDENTIFICAÇÃO DO NÚMERO DE CONTROLE | |
| Campo de Controle | BR-CuiBMT |
| 005 - DATA E HORA DA ÚLTIMA ATUALIZAÇÃO | |
| Campo de Controle | 20231129144210.0 |
| 008 - DADOS FIXOS | |
| Dados Fixos | 231110s2007 rjba 000 0 por d |
| 020 ## - INTERNATIONAL STANDARD BOOK NUMBER | |
| Nº do ISBN | 9788535222906 |
| 040 ## - AGÊNCIA CATALOGADORA | |
| Código da Agência Catalogadora | BR-CuiBMT |
| Agência que transcreveu o registro | BR-CuiBMT |
| 080 ## - Nº DA CLASSIFICAÇÃO DECIMAL UNIVERSAL | |
| Nº edição CDU | 2007 |
| Nº Class. CDU | 34:336.22 |
| Subd. Auxiliar Comum | (079.1) |
| 090 ## - NÚMERO DE CHAMADA | |
| Nº classificação | 34:336.22(079.1) |
| Cutter | B726d |
| 100 1# - ENTRADA PRINCIPAL -- AUTOR PESSOAL | |
| Nome pessoal | Borba, Claudio |
| 245 10 - TÍTULO PRINCIPAL | |
| Título principal | Direito tributário II : |
| Subtítulo | livro primeiro do Código Tributário Nacional e demais leis sobre as normas gerais / |
| Indicação de responsabilidade | Claudio Borba. |
| 260 ## - PUBLICAÇÃO, DISTRIBUIÇÃO, ETC. | |
| Local de publicação | Rio de Janeiro : |
| Editora | Elsevier ; |
| Data | 2007. |
| 300 ## - DESCRIÇÃO FÍSICA | |
| N. páginas ou volumes | 294 p. : |
| Ilustrações | il. ; |
| Dimensões | 24 cm |
| 490 1# - INDICAÇÃO DE SÉRIE | |
| Título da série | Série compendium ; |
| Volume/designação sequencial da série | v. 2 |
| 504 ## - NOTA DE BIBLIOGRAFIA, ETC. | |
| Nota de bibliografia | Inclui bibliografia. |
| 650 ## - ASSUNTO TÓPICO | |
| Cabeçalho tópico ou nome geográfico | Serviço público |
| Subdivisão geral | Concursos |
| Subdivisão geográfica | Brasil |
| 650 ## - ASSUNTO TÓPICO | |
| Cabeçalho tópico ou nome geográfico | Direito tributário |
| Subdivisão de forma | Normas e leis |
| Subdivisão geral | Concursos públicos |
| 830 #0 - ENTRADA SECUNDÁRIA DE SÉRIE -- TÍTULO UNIFORME | |
| Título uniforme | Compendium ; |
| Nº do volume/designação sequencial da série | 2 |
| 942 ## - ELEMENTOS DE ENTRADA ADICIONAIS (KOHA) | |
| Fonte de classificação ou esquema de arquivamento | Classificação Decimal Universal |
| Tipo de item do Koha | Livros |
| Estado: removido | Estado: perdido | Fonte de classificação ou esquema de arquivamento | Estado: danificado | Indisponível para empréstimo | Localização permanente | Localização atual | Data de aquisição | Total Checkouts | Número de Chamada completo | Código de barras | Date last seen | Número do exemplar | Preço efetivo a partir de | Tipo de item (Koha) |
|---|---|---|---|---|---|---|---|---|---|---|---|---|---|---|
| Classificação Decimal Universal | Biblioteca da Escola Superior de Contas do TCE/MT | Biblioteca da Escola Superior de Contas do TCE/MT | 10/11/2023 | 34:336.22(079.1) B726d | BIBTCEMT23110407 | 10/11/2023 | Ex. 1 | 10/11/2023 | Livros |